| 000 | 00718nam a22002297a 4500 | ||
|---|---|---|---|
| 003 | UA-OsUOA | ||
| 001 | 60323 | ||
| 007 | ta | ||
| 008 | 20090515b un ||||| |||| 00| 0 ukr d | ||
| 090 |
_a364:35 _bУ67 |
||
| 942 | _cBK | ||
| 040 |
_aUA-OsUOA _bukr _cUA-OsUOA _dUA-OsUOA |
||
| 245 |
_aУправлінські аспекти соціальної роботи _bКурс лекцій _cЗа ред. Головатого М. Ф. |
||
| 300 | _a368 с. | ||
| 955 | _a2 | ||
| 041 | _aukr | ||
| 080 | _a364:35 | ||
| 020 | _a966-608-387-6 | ||
| 260 |
_aК. _bМАУП _c2004 |
||
| 650 | 7 |
_a36 Забезпечення духовних та матеріальних життєвих потреб _2UDC |
|
| 999 |
_c346198 _d346198 |
||